Castilian sculpture (Record no. 6170)

MARC details
000 -CABECERA
campo de control de longitud fija 00905nam a2200265 a 4500
001 - NÚMERO DE CONTROL
campo de control BRCA_6486
005 - FECHA Y HORA DE LA ÚLTIMA TRANSACCIÓN
campo de control 20190320205457.0
008 - DATOS DE LONGITUD FIJA--INFORMACIÓN GENERAL
campo de control de longitud fija 240911s1951----nyua######---#000-0#eng-#
041 ## - CÓDIGO DE LENGUA
Código de lengua del texto/banda sonora o título independiente eng
044 ## - CÓDIGO DEL PAÍS DE LA ENTIDAD EDITORA/PRODUCTORA
Código MARC del país nyu
050 #4 - SIGNATURA TOPOGRÁFICA DE LA BIBLIOTECA DEL CONGRESO
Número de clasificación NB811.C3
Número de documento/Ítem .P76 4 1951
100 1# - ENTRADA PRINCIPAL--NOMBRE DE PERSONA
Nombre de persona Proske, Beatrice Gilman
9 (RLIN) 16207
245 10 - MENCIÓN DE TÍTULO
Título Castilian sculpture
Resto del título Gothic and Renaissance
Mención de responsabilidad, etc. Beatrice Gilman Proske.
260 ## - PUBLICACIÓN, DISTRIBUCIÓN, ETC.
Lugar de publicación, distribución, etc. Nueva York
Nombre del editor, distribuidor, etc. Order of the Trustees
Fecha de publicación, distribución, etc. 1951
300 ## - DESCRIPCIÓN FÍSICA
Extensión ix, 525 p.
Otras características físicas il.
Dimensiones 26 cm.
440 #0 - MENCIÓN DE SERIE/PUNTO DE ACCESO ADICIONAL--TÍTULO
Título Hispanic notes & monographs: essays, studies, and brief biographies issued by the Hispanic Society of America
Nombre de parte o sección de la obra Peninsular series
9 (RLIN) 16208
500 ## - NOTA GENERAL
Nota general Incluye índice alfabético
500 ## - NOTA GENERAL
Nota general Ejemplar igual a M82, M83 y M84
500 ## - NOTA GENERAL
Nota general N23
504 ## - NOTA DE BIBLIOGRAFÍA, ETC.
Nota de bibliografía, etc. Bibliografía: p. 499-509
650 14 - PUNTO DE ACCESO ADICIONAL DE MATERIA--TÉRMINO DE MATERIA
Término de materia o nombre geográfico como elemento de entrada Escultura
Subdivisión geográfica Castilla, España
9 (RLIN) 16209
650 14 - PUNTO DE ACCESO ADICIONAL DE MATERIA--TÉRMINO DE MATERIA
Término de materia o nombre geográfico como elemento de entrada Escultura
Subdivisión geográfica España
9 (RLIN) 9315
902 ## - CATALOGADOR
Iniciales GFM
942 ## - ELEMENTOS DE PUNTO DE ACCESO ADICIONAL (KOHA)
Fuente del sistema de clasificación o colocación Library of Congress Classification
Tipo de ítem Koha Libros
Holdings
Estado de retiro Estado de pérdida Estado dañado No para préstamo Localización permanente Ubicación/localización actual Fecha de adquisición Número de inventario Total de préstamos Signatura topográfica completa Código de barras Fecha visto por última vez Precio válido a partir de Tipo de ítem Koha
El ejemplar forma parte de la colección y puede ser consultado según las políticas vigentes.       Biblioteca del Museo Franz Mayer (Rogerio Casas-Alatriste) Biblioteca del Museo Franz Mayer (Rogerio Casas-Alatriste) 25/09/2011 N23   NB811.C3 .P76 4 1951 (N23) 6933 22/03/2019 22/03/2019 Libros